| 000 | 00682nam a2200193Ia 4500 | ||
|---|---|---|---|
| 003 | GCL | ||
| 008 | 140319s9999 xx 000 0 ara d | ||
| 040 |
_aGCL / _cGCL |
||
| 082 | 0 | 4 |
_a001.5 _bع ا |
| 100 | 1 | _aعبدالمجيد شكرى | |
| 245 | 1 | 0 |
_aالاتصال الاعلامى والتنمية : _bافاق المستقبل وتحديات قرن جديد / _cعبدالمجيد شكرى |
| 250 | _aالاولى | ||
| 260 |
_aالقاهرة : _bالعربى للنشر والتوزيع ، _c1995 |
||
| 300 |
_a138 ص ؛ _c20سم |
||
| 650 | 0 | 4 | _aالتنمية الاجتماعية |
| 650 | 0 | 4 | _aالاعلام |
| 650 | 0 | 4 | _aوسائل الاعلام |
| 942 |
_2ddc _cBK |
||
| 999 |
_c48341 _d48341 |
||